Países con el PIB más alto como un porcentaje de un continente - Estadísticas

Estadísticas generales
  • Esta prueba ha sido intentada 2.582 veces
    1.370 desde el último reinicio
  • La puntuación promedio es 17 de 20
Estadísticas de respuestas
% de PIB País % Correcto
39,2% China
99%
80,0% Estados Unidos
99%
15,4% Alemania
96%
10,8% Francia
95%
48,1% Brasil
93%
7,9% Japón
93%
9,8% Rusia (Europeo)
93%
83,5% Australia
92%
11,0% Reino Unido
91%
15,3% India
90%
8,7% Italia
90%
9,1% México
90%
15,6% Argentina
89%
11,6% Sudáfrica
84%
19,4% Egipto
81%
12,3% Colombia
78%
7,4% Chile
77%
13,5% Nueva Zelanda
76%
15,7% Nigeria
68%
7,3% Argelia
54%
No se encontraron pruebas coincidentes
Distribución de puntuación
Porcentaje de gente con cada puntuación
Porcentaje por número respondido
Historial de tus puntuaciones
No has intentado esta prueba desde el último reinicio